00373cam a22001337a 4500008004000000020001500040082001300055100001500068245006500083260003600148300000900184440002800193650001800221180718b1993 xxu||||| |||| 00| 0 eng d a0863113761 aO91 B851 aBuch, M.N. aEnvironmental consciousness and urban planningcby M.N. Buch aNew DelhibOrient Longmanc1993 a81p. aTracts for the times/ 2 aCity planning